| 000 | 00713nmm a2200253 a 4500 | ||
|---|---|---|---|
| 003 | AR-BaBNM | ||
| 005 | 20251128211433.0 | ||
| 008 | 224020s2003 ||||||||||||||000 | spa|| | ||
| 020 | _a950-05-1463-X | ||
| 040 | _cAR-BaBNM | ||
| 110 | 1 |
_aBuenos Aires [provincia] _bSubsecretarÃa de Cultura |
|
| 245 | 1 | 0 |
_aEnsayo 2001 _bConcurso Nacional de Ensayo "Arturo Jauretche" 2001 |
| 260 |
_aBuenos Aires _bEdiciones Corregidor _c2003 |
||
| 650 | 4 | _aLITERATURA ARGENTINA | |
| 650 | 4 | _aANTOLOGIAS | |
| 650 | 4 | _aENSAYO | |
| 650 | 4 | _aSOCIOLOGIA CULTURAL | |
| 650 | 4 | _aVIDA CULTURAL | |
| 653 | _aNARRATIVA | ||
| 655 | _aLITERATURA | ||
| 700 | 1 |
_aRÃos, Daniel R. _ecoordinador |
|
| 942 | _cBK | ||
| 998 | _cmartin | ||
| 999 |
_c19693 _d19693 |
||